Father dearest : (Record no. 133682)

MARC details
000 -LEADER
fixed length control field 00754nam a22002297a 4500
005 - DATE AND TIME OF LATEST TRANSACTION
control field 20170124110213.0
010 ## - LIBRARY OF CONGRESS CONTROL NUMBER
LC control number B-077549
020 ## - INTERNATIONAL STANDARD BOOK NUMBER
Terms of availability 395.00
International Standard Book Number 8174362657
035 ## - SYSTEM CONTROL NUMBER
System control number B-077549
037 ## - SOURCE OF ACQUISITION
Source of stock number/acquisition Cen Lib/Ret
040 ## - CATALOGING SOURCE
Original cataloging agency DPL
Language of cataloging EN
082 ## - DEWEY DECIMAL CLASSIFICATION NUMBER
Classification number 921
Item number ADH
100 ## - MAIN ENTRY--PERSONAL NAME
Personal name Adhar, Neelima Dalmia
9 (RLIN) 74506
245 ## - TITLE STATEMENT
Title Father dearest :
Statement of responsibility, etc by Neelima Dalmia Adhar
Remainder of title the life and times of R.K. Dalmia /
260 ## - PUBLICATION, DISTRIBUTION, ETC. (IMPRINT)
Place of publication, distribution, etc New Delhi
Name of publisher, distributor, etc Roli Books
Date of publication, distribution, etc 2003
270 ## - ADDRESS
City New Delhi
Address M-75, G.K. ll Market
Postal code 110048
300 ## - PHYSICAL DESCRIPTION
Extent 262p.
Dimensions 22cm(Hb)
500 ## - GENERAL NOTE
General note Includes bibliographical references
650 ## - SUBJECT ADDED ENTRY--TOPICAL TERM
Topical term or geographic name as entry element Dalmia, Ramkrishna, -- 1893
9 (RLIN) 74507
650 ## - SUBJECT ADDED ENTRY--TOPICAL TERM
Topical term or geographic name as entry element Industrialists' spouses -- India -- Biography
9 (RLIN) 74508
942 ## - ADDED ENTRY ELEMENTS (KOHA)
Source of classification or shelving scheme Dewey Decimal Classification
Koha item type English Books
Classification part 921
Call number suffix ADH
Holdings
Withdrawn status Lost status Damaged status Not for loan Home library Current library Date acquired Source of acquisition Cost, normal purchase price Total Checkouts Full call number Barcode Date last seen Copy number Cost, replacement price Price effective from Koha item type Public note
Written off       Central Library Central Library 27/07/2015 Cen Lib/Ret 395.00   921 ADH B-077549 27/07/2015 1 395.00 27/07/2015 English Books W/d List No. 8132/24; dtd 20.2.2017

© Delhi Public Library
Hit Counter
free hit counter